[Event "22nd World Seniors Open"]
[Site "Kamena Vourla GRE"]
[Date "2012.11.19"]
[Round "7.4"]
[White "Suba,M"]
[Black "Rantanen,Y"]
[Result "0-1"]
[WhiteElo "2418"]
[BlackElo "2346"]

1.c4 Nf6 2.Nc3 e5 3.Nf3 d6 4.d4 Nbd7 5.e4 g6 6.Be2 Bg7 7.O-O O-O 8.Re1 c6
9.Rb1 exd4 10.Nxd4 Re8 11.f3 d5 12.cxd5 cxd5 13.exd5 Nxd5 14.Nxd5 Nb6 15.Ne3 Qxd4
16.Bb5 Bf5 17.Ra1 Re7 18.Qxd4 Bxd4 19.Kf1 Be6 20.Nc2 Bf6 21.a4 Rc8 22.Ne3 a6
23.Be2 Nd5 24.Nxd5 Bxd5 25.Bd3 Rd7 26.Be2 Be6 27.Ra3 Kg7 28.Rd3 Rdc7 29.Bd2 Bxb2
30.Rb1 Be5 31.f4 Bf6 32.Rb6 Bc4 33.Rh3 Rd7 34.Be3 Bxe2+ 35.Kxe2 Rc2+ 36.Kf3 Rc3
37.Rb4 Bd4 38.Ke2 Bxe3 39.Rxe3 Rc2+ 40.Kf3 Rdd2 41.g3 Rf2+ 42.Ke4 Rc7 43.h3 Rd7
44.Reb3 Re7+ 45.Kd4 h5 46.h4 Ra2 47.Kc5 Kf6 48.Rd4 Rg2 49.Kb6 Rc2 50.Rd6+ Kf5
51.Rd5+ Kg4 52.Rg5+ Kh3 53.g4+ Kxh4 54.gxh5 Rc6+ 55.Ka7 b5+ 56.Kb8 Rf6 57.axb5 Rxf4
58.Rd5 axb5 59.Rbxb5 Rf5 60.Rxf5 gxf5 61.Rxf5 Kg4 62.Rf1 f5 63.h6 Kg5 64.Kc8 Rh7
65.Kd8 Rxh6 66.Rg1+ Kf6 67.Kd7 f4 68.Kd6 Kf5+ 69.Kd5 Rh8  0-1

[Event "Plzen Open 2012"]
[Site "Plzen CZE"]
[Date "2012.11.22"]
[Round "5"]
[White "Benes,Pe2"]
[Black "Kalista,K"]
[Result "1-0"]
[WhiteElo "2114"]
[BlackElo "1874"]

1.d4 Nf6 2.Nf3 g6 3.c4 Bg7 4.Nc3 O-O 5.e4 d6 6.Be2 e5 7.d5 Nfd7 8.Bg5 f6
9.Bh4 a5 10.Nd2 Qe8 11.O-O g5 12.Bg3 Nc5 13.f3 Nbd7 14.Nb5 Qd8 15.a3 a4 16.Bf2 Rf7
17.h4 h6 18.g4 Bf8 19.Kg2 c6 20.Nc3 Nb6 21.Bxc5 dxc5 22.b3 axb3 23.Qxb3 Bd6
24.Rh1 Bf8 25.Nf1 Ra6 26.Ne3 Bd7 27.Nf5 Bxf5 28.exf5 Qa8 29.hxg5 hxg5 30.Ne4 Nd7
31.Rh5 Rg7 32.f4 Be7 33.Qh3 Bf8 34.Rh8+ Kf7 35.Qh5+ Ke7 36.d6+ Kd8 37.Rxf8+ Nxf8
38.Nxf6  1-0

[Event "48th American Open"]
[Site "Anaheim USA"]
[Date "2012.11.23"]
[Round "3"]
[White "Kretchetov,A"]
[Black "Ortiz,E PHI"]
[Result "0-1"]
[WhiteElo "2306"]
[BlackElo "2272"]

1.Nf3 Nf6 2.c4 g6 3.Nc3 Bg7 4.e4 d6 5.d4 O-O 6.Be2 e5 7.Be3 exd4 8.Nxd4 Re8
9.f3 c6 10.Bf2 d5 11.exd5 cxd5 12.O-O Nc6 13.c5 Bf8 14.Bb5 Bd7 15.Nde2 a6
16.Ba4 Qa5 17.b4 Nxb4 18.Bxd7 Nxd7 19.a3 Nc6 20.Qxd5 Nxc5  0-1

[Event "British Rapidplay"]
[Site "Leeds ENG"]
[Date "2012.11.24"]
[Round "3.4"]
[White "Gordon,S"]
[Black "Mazek,M"]
[Result "1/2-1/2"]
[WhiteElo "2533"]
[BlackElo "2071"]

1.c4 Nf6 2.Nc3 g6 3.e4 d6 4.d4 Bg7 5.Nf3 O-O 6.Be2 e5 7.Be3 Na6 8.O-O Qe8
9.dxe5 dxe5 10.a3 b6 11.b4 Bb7 12.Qc2 c6 13.Nd2 Qe7 14.c5 b5 15.Nb3 Nc7 16.a4 a6
17.axb5 axb5 18.Rxa8 Rxa8 19.Qb2 Ne6 20.Ra1 Rxa1+ 21.Qxa1 Bc8 22.f3 Qe8 23.Qa7 Nh5
24.Na5 Nd4 25.Qc7 Qd7 26.Qb8 Nc2 27.Nxc6 Qxc6 28.Nd5 Qb7 29.Qxc8+ Qxc8 30.Ne7+ Kf8
31.Nxc8 Nxe3 32.Bxb5 Nf4 33.Nd6 Nc2 34.c6 Ne6 35.Bc4 Ke7 36.Nxf7 Nxb4 37.Bxe6 Kxe6
38.Ng5+ Kd6 39.Nxh7 Nxc6 40.Kf2 Ke7 41.Kg3 Bf6 42.Kg4 Kf7 43.h4 Kg7 44.Nxf6 Kxf6
45.g3 Nd8 46.f4 Nf7 47.fxe5+ Kxe5 48.h5 g5 49.h6 Kf6 50.h7 Kg7 51.e5 Kg6
52.h8=Q Nxh8 53.e6 Kf6  1/2-1/2

[Event "XXVI Belgrade Trophy 2012"]
[Site "Belgrade SRB"]
[Date "2012.11.25"]
[Round "2.6"]
[White "Indjic,A"]
[Black "Sorgic,D"]
[Result "1-0"]
[WhiteElo "2511"]
[BlackElo "2247"]

1.d4 Nf6 2.c4 g6 3.Nc3 Bg7 4.e4 d6 5.Nf3 O-O 6.Be2 e5 7.d5 a5 8.Bg5 Na6 9.Nd2 Qe8
10.a3 Bd7 11.b3 h6 12.Be3 h5 13.f3 Nh7 14.Rb1 h4 15.b4 b6 16.O-O f5 17.c5 axb4
18.axb4 dxc5 19.bxc5 Nxc5 20.d6 cxd6 21.Nc4 fxe4 22.Nxd6 Qd8 23.Bxc5 bxc5
24.Qd5+ Kh8 25.Nf7+ Rxf7 26.Qxf7 Ng5 27.Qd5 exf3 28.Bxf3 Nxf3+ 29.Qxf3 Bf5
30.Rbd1 Qf8 31.Qf2 Bf6 32.Nd5 Bg5 33.Ne3 Bxe3 34.Qxe3 Qe7 35.Rd5 Re8 36.Rxc5 h3
37.Rc3 Qh4 38.gxh3 Qd4 39.Re1 Rd8 40.Kg2 Qxe3 41.Rexe3 Kg7 42.Rxe5 Rd2+ 43.Kg3 Kf6
44.Ra5 Be4 45.h4 Bd5 46.Kf4 Rd4+ 47.Ke3  1-0

[Event "ch-Commonwealth 2012"]
[Site "Chennai IND"]
[Date "2012.11.25"]
[Round "4"]
[White "Laxman,R"]
[Black "Navalgund,N"]
[Result "1-0"]
[WhiteElo "2461"]
[BlackElo "2149"]

1.Nf3 Nf6 2.c4 g6 3.Nc3 Bg7 4.e4 d6 5.d4 O-O 6.Be2 e5 7.O-O exd4 8.Nxd4 Re8
9.f3 c6 10.Kh1 Nbd7 11.Bf4 Ne5 12.Qd2 Qe7 13.Rad1 a6 14.a4 a5 15.b3 Nfd7
16.Bg5 f6 17.Bh4 Nc5 18.f4 Nf7 19.Rde1 Qc7 20.Bd1 Bd7 21.Bc2 Rf8 22.h3 Rae8
23.f5 g5 24.Bg3 Rd8 25.h4 h6 26.Re3 Ne5 27.Be1 Be8 28.Nce2 b6 29.Nc3 Kf7
30.Bg3 Ke7 31.Bd1 Bf7 32.Be2 Rd7 33.Rb1 Re8 34.Qd1 Ra8 35.Bh5 Bg8 36.Qc2 Kf8
37.Rf1 Ke7 38.Ree1 Rf8 39.Rb1 Kd8 40.Be2 Re8 41.b4 axb4 42.Rxb4 Na6 43.Rb2 Nxc4
44.Ne6+ Rxe6 45.Bxc4 Re8 46.Bxa6 gxh4 47.Bf2 c5 48.Bb5  1-0

[Event "TCh-CZE Div1 Vychod 2012-13"]
[Site "Czech Republic CZE"]
[Date "2012.11.25"]
[Round "3.4"]
[White "Blahynka,M"]
[Black "Turner,R"]
[Result "1-0"]
[WhiteElo "2153"]
[BlackElo "2099"]

1.d4 Nf6 2.c4 g6 3.Nc3 Bg7 4.e4 d6 5.Nf3 O-O 6.Be2 e5 7.O-O Nh5 8.Bg5 f6
9.Be3 Nf4 10.Ne1 Nxe2+ 11.Nxe2 exd4 12.Bxd4 Nc6 13.Bc3 Be6 14.b3 a5 15.Nd4 Qd7
16.Nxe6 Qxe6 17.Qd5 Rfe8 18.Nd3 Qf7 19.Nf4 Nb4 20.Bxb4 axb4 21.Qxb7 Rab8
22.Qc6 f5 23.Rae1 fxe4 24.Rxe4 Rxe4 25.Qxe4 Re8 26.Qc6 Bd4 27.Qd5 c5 28.Rd1 Qxd5
29.cxd5 Rf8 30.g3 Rf5 31.h4 Kf7 32.Kg2 h6 33.Rd2 g5 34.hxg5 hxg5 35.Ne6 Bc3
36.Rd3 Re5 37.Kf3 Kf6 38.Kg4 Re4+ 39.Kh5 g4 40.Nf4 Kf5 41.f3 gxf3 42.Rxf3 Ke5
43.Rd3 Be1 44.Ng6+ Kf6 45.Rf3+ Kg7 46.g4 Bd2 47.Nh4 Re2 48.Nf5+ Kh7 49.g5 Rh2+
50.Kg4 Kg6 51.Ne7+ Kg7 52.g6 Bc3 53.Rf7+ Kh8 54.Kf5 Re2 55.Rh7+  1-0

[Event "TCh-SVK Extraliga 2012-13"]
[Site "Slovakia SVK"]
[Date "2012.11.25"]
[Round "4.6"]
[White "Krak,T"]
[Black "Neuman,P"]
[Result "0-1"]
[WhiteElo "2297"]
[BlackElo "2471"]

1.Nf3 Nf6 2.c4 g6 3.Nc3 Bg7 4.e4 d6 5.d4 O-O 6.Be2 e5 7.O-O Na6 8.Be3 Qe8
9.dxe5 Ng4 10.Bc1 dxe5 11.Rb1 c6 12.b4 Qe7 13.Ba3 Rd8 14.b5 Qe8 15.Qa4 Nc7
16.Rfd1 Rxd1+ 17.Rxd1 Bd7 18.h3 Nh6 19.Qb4 Ne6 20.Qe7 Nd4 21.Bf1 f5 22.bxc6 Qxe7
23.Bxe7 Bxc6 24.Nd5 Rc8 25.Nxd4 exd4 26.Bg5 Bxd5 27.exd5 Nf7 28.Be7 b6 29.f4 Bf8
30.d6 Nxd6 31.Bxf8 Kxf8 32.Rxd4 Ke7 33.Bd3 Rc5 34.a4 Ne8 35.Kf2 Ng7 36.Ke3 Ne6
37.Rd5 Rxd5 38.cxd5 Nc7 39.Kd4 Kd6 40.Bc4 h5 41.h4 a6 42.Bb3 b5 43.a5 Ne8
44.Bd1 Nf6 45.Bf3 Nd7 46.Kc3 Nc5 47.g3 Ne4+ 48.Kd4 Nd2 49.Bd1 Nc4 50.Bc2 Nxa5
51.g4 hxg4 52.h5 gxh5 53.Bxf5 Nb3+ 54.Kc3 Nc5 55.Kd4 a5 56.Bc8 g3 57.Bh3 a4
58.Bg2 a3 59.Kc3 b4+ 60.Kc2 b3+ 61.Kc3 a2 62.Kb2 Nd3+ 63.Ka1 Nxf4  0-1

[Event "22nd TCh-SLO 2012"]
[Site "Slovenia SLO"]
[Date "2012.11.25"]
[Round "3"]
[White "Polajzer,D"]
[Black "Ivanec,D"]
[Result "1-0"]
[WhiteElo "2295"]
[BlackElo "2191"]

1.Nf3 Nf6 2.c4 g6 3.Nc3 Bg7 4.e4 d6 5.d4 O-O 6.Be2 Nbd7 7.O-O e5 8.Qc2 c6
9.Rd1 Qe7 10.dxe5 dxe5 11.a3 a5 12.Na4 Nc5 13.Nxc5 Qxc5 14.b4 Qe7 15.Bd2 axb4
16.axb4 Rxa1 17.Rxa1 Nh5 18.g3 f5 19.Bc3 Nf6 20.Nd2 fxe4 21.Nxe4 Nxe4 22.Qxe4 Bf5
23.Qe3 e4 24.Ra7 Bxc3 25.Qxc3 Bc8 26.c5 Qf6 27.Qxf6 Rxf6 28.Bf1 Kg7 29.Bg2 Rf8
30.Bxe4 Rd8 31.Bxc6 Bh3 32.Rxb7+ Kf6 33.f4 Rd1+ 34.Kf2 h5 35.Be4 Rd2+ 36.Ke3  1-0

[Event "XXVI Belgrade Trophy 2012"]
[Site "Belgrade SRB"]
[Date "2012.11.27"]
[Round "4.15"]
[White "Andrejic,V"]
[Black "Cabrilo,G"]
[Result "0-1"]
[WhiteElo "2215"]
[BlackElo "2442"]

1.d4 Nf6 2.c4 d6 3.Nf3 g6 4.Nc3 Bg7 5.e4 O-O 6.Be2 Nbd7 7.O-O e5 8.dxe5 dxe5
9.Be3 c6 10.Qc2 Qe7 11.Rab1 Ne8 12.b4 f5 13.b5 Nc5 14.Bxc5 Qxc5 15.Na4 Qe7
16.c5 Nf6 17.Nd2 Kh8 18.bxc6 bxc6 19.f3 Be6 20.Nc4 Bxc4 21.Qxc4 fxe4 22.fxe4 Rad8
23.Rfd1 Rd4 24.Rxd4 exd4 25.Qxd4 Rd8 26.Qb4 Nxe4 27.Rd1 Rxd1+ 28.Bxd1 Nc3
29.Qb8+ Bf8 30.Qf4 Qe1+ 31.Qf1 Qxd1  0-1

[Event "CCSCSL IM Inv"]
[Site "Saint Louis USA"]
[Date "2012.11.27"]
[Round "4.2"]
[White "Kavutskiy,K"]
[Black "Agrest,I"]
[Result "1-0"]
[WhiteElo "2301"]
[BlackElo "2176"]

1.d4 Nf6 2.c4 g6 3.Nc3 Bg7 4.e4 d6 5.Nf3 O-O 6.Be2 Nbd7 7.O-O e5 8.Qc2 Nh5
9.Bg5 Bf6 10.Be3 c6 11.Rfd1 Qe7 12.d5 c5 13.g3 Bh8 14.Nh4 Ng7 15.Bh6 Nb6
16.a3 Bh3 17.b4 Nd7 18.Bd3 Rfc8 19.Rdc1 g5 20.Bxg7 gxh4 21.Bxh8 Kxh8 22.Nd1 Rg8
23.Ne3 Qg5 24.Bf1 Bg4 25.Bg2 hxg3 26.hxg3 Rg6 27.Nf1 Qh5 28.Nh2 Rh6 29.Nxg4 Qxg4
30.Qd1 Qg5 31.Rc3 b6 32.Rf3 Qh5 33.Rf5 Qxd1+ 34.Rxd1 Kg7 35.Bf3 Rb8 36.Re1 a5
37.Ra1 Nf6 38.Kg2 Nd7 39.Rb1 Rf6 40.Rxf6 Kxf6 41.Bg4 Rd8 42.bxa5 bxa5 43.Rb5 a4
44.Rb7 Nf8 45.Ra7 Rb8 46.Rxa4 Rb3 47.Ra8 Ke7 48.Ra7+ Kf6 49.Bh5 Ng6 50.Rd7 Rc3
51.Rxd6+ Ke7 52.Rb6 Rxc4 53.d6+ Kf6 54.Bg4 Rd4 55.d7+ Ke7 56.Rb8  1-0

[Event "XXVI Belgrade Trophy 2012"]
[Site "Belgrade SRB"]
[Date "2012.11.28"]
[Round "5.1"]
[White "Indjic,A"]
[Black "Kislinsky,A"]
[Result "1/2-1/2"]
[WhiteElo "2511"]
[BlackElo "2556"]

1.d4 Nf6 2.c4 g6 3.Nc3 Bg7 4.e4 d6 5.Nf3 O-O 6.Be2 Na6 7.O-O e5 8.d5 Nc5
9.Qc2 a5 10.Bg5 h6 11.Be3 b6 12.Nd2 h5 13.f3 Kh7 14.b3 Bh6 15.Bxh6 Kxh6 16.a3 Ncd7
17.b4 h4 18.bxa5 Rxa5 19.Nb3 Ra8 20.Qd2+ Kg7 21.Qg5 Rh8 22.a4 Ba6 23.a5 bxa5
24.Nxa5 Nc5 25.Nc6 Qe8 26.Qe3 Nh5 27.Rfb1 Bb7 28.Na5 Nf4 29.Bf1 Bc8 30.Ne2 Nh5
31.Nb3 Rxa1 32.Rxa1 Nxb3 33.Qxb3 c5 34.dxc6 Qxc6 35.Qb5 Qc7 36.Nc3 Be6 37.Qa5 Qe7
38.Qb6 Qg5 39.Qf2 Rc8 40.Nb5 Nf4 41.Kh1 Bxc4 42.Nxd6 Bxf1 43.Rxf1 Rd8 44.Nc4 Nh5
45.Qc5  1/2-1/2

[Event "ch-Commonwealth 2012"]
[Site "Chennai IND"]
[Date "2012.11.28"]
[Round "8"]
[White "Laxman,R"]
[Black "Siddharth,R"]
[Result "1-0"]
[WhiteElo "2461"]
[BlackElo "2381"]

1.Nf3 Nf6 2.c4 g6 3.Nc3 Bg7 4.e4 d6 5.d4 O-O 6.Be2 Na6 7.O-O e5 8.Re1 c6
9.Rb1 exd4 10.Nxd4 Nc5 11.Bf3 Ng4 12.Bxg4 Bxg4 13.f3 Bd7 14.Be3 Qe7 15.Qd2 a5
16.Rbd1 Rfd8 17.b3 Be8 18.Nde2 f6 19.Nf4 Bf7 20.Bd4 a4 21.Qb2 axb3 22.axb3 Rdb8
23.Bxc5 dxc5 24.Nd3 b5 25.cxb5 cxb5 26.b4 cxb4 27.Qxb4 Qxb4 28.Nxb4 Bf8 29.Ncd5 Kg7
30.Rb1 Rb7 31.Rec1 Bxb4 32.Nxb4 Rd7 33.Rb2 Bc4 34.Kf2 Ra3 35.h4 h5 36.Kg3 Kf7
37.Kf4 Ke6 38.Rcc2 Ra1 39.Rc3 Ra8 40.Ke3 g5 41.hxg5 fxg5 42.Nc6 Ra4 43.Nd4+ Kf6
44.g3 Rda7 45.e5+ Kxe5 46.Nc6+ Kd5 47.Nxa7 Rxa7 48.f4 Re7+ 49.Kf2 Kd4 50.Ra3 Rf7
51.Rd2+ Kc5 52.Rf3 Bd5 53.Rfd3 Bc4 54.Rd4 Kb4 55.Ke3 gxf4+ 56.gxf4 Kc3 57.Rd1 Re7+
58.Re4 Rxe4+ 59.Kxe4 Be2 60.Re1 Bd3+ 61.Ke3 b4 62.Rd1 Bc2 63.Rd8 b3 64.Rc8+ Kb2
65.Kd2 Bf5 66.Rc5 Bg4 67.f5 Kb1 68.f6 Be6 69.Re5 Bg8 70.Kc3 h4 71.Rh5 Ka1
72.Ra5+ Kb1 73.Rg5 Be6 74.Re5 Bg8 75.Re1+ Ka2 76.Rh1 Be6 77.Rxh4 Ka1 78.Ra4+ Kb1
79.Rb4 Ka2 80.Rb7 Bd5 81.Ra7+ Kb1 82.f7 Bxf7 83.Rxf7 b2  1-0

[Event "XXVI Belgrade Trophy 2012"]
[Site "Belgrade SRB"]
[Date "2012.11.29"]
[Round "6.12"]
[White "Enchev,I"]
[Black "Protsenko,R"]
[Result "1-0"]
[WhiteElo "2411"]
[BlackElo "2263"]

1.d4 Nf6 2.c4 g6 3.Nc3 Bg7 4.e4 d6 5.Nf3 O-O 6.Be2 Na6 7.O-O e5 8.Re1 exd4
9.Nxd4 Nc5 10.Bf1 Re8 11.f3 c6 12.Be3 a5 13.Qd2 a4 14.Red1 Nfd7 15.Rab1 Qa5
16.Bf2 Ne5 17.Nc2 Bf8 18.b4 axb3 19.axb3 Qc7 20.b4 Na4 21.Ne3 Nxc3 22.Qxc3 Be6
23.c5 dxc5 24.bxc5 Nd7 25.Nc4 Nxc5 26.Nb6 Na4 27.Nxa8 Rxa8 28.Qc2 Qc8 29.Bd4 Bg7
30.Bxg7 Kxg7 31.Rdc1 Kg8 32.Rb4  1-0

[Event "Doroshkevicha Mem Open 2012"]
[Site "Sochi RUS"]
[Date "2012.11.30"]
[Round "5"]
[White "Pushkov,N"]
[Black "Esipenko,Andrey"]
[Result "0-1"]
[WhiteElo "2404"]
[BlackElo "2120"]

1.d4 Nf6 2.Nf3 g6 3.c4 Bg7 4.Nc3 O-O 5.e4 d6 6.Be2 e5 7.Be3 c6 8.O-O exd4
9.Nxd4 Re8 10.f3 d5 11.cxd5 Nxd5 12.Nxd5 cxd5 13.Qb3 Nc6 14.Rad1 Nxd4 15.Bxd4 Bxd4+
16.Rxd4 Qf6 17.Rd2 Qf4 18.Rc2 Be6 19.exd5 Qd4+ 20.Kh1 Bxd5 21.Bc4 Re3 22.Bxd5 Rxb3
23.Bxb3 Rd8 24.h3 Kg7 25.Rc7 Rd7 26.Rxd7 Qxd7 27.Rd1 Qe7 28.Kg1 h5 29.Kf1 a5
30.Rd5 Qb4 31.Re5 a4 32.Bd1 Qxb2 33.Re2 Qd4 34.Ke1 h4 35.Rf2 b5 36.Re2 Kh6
37.Re4 Qg1+ 38.Kd2 Qxg2+ 39.Be2 Qxh3 40.Bxb5 Qg2+ 41.Be2 h3 42.Rh4+ Kg7 43.Rg4 Qf2  0-1

[Event "TCh-AUT 2 East 2012-13"]
[Site "Austria AUT"]
[Date "2012.12.01"]
[Round "5.2"]
[White "Fodor,T jr"]
[Black "Ganaus,H"]
[Result "1-0"]
[WhiteElo "2503"]
[BlackElo "2331"]

1.c4 Nf6 2.d4 g6 3.Nc3 Bg7 4.e4 O-O 5.Nf3 d6 6.Be2 e5 7.Be3 Na6 8.O-O c6
9.Rb1 exd4 10.Bxd4 Qe7 11.Nd2 Nc5 12.Bf3 Ne6 13.Be3 Nd7 14.Re1 f5 15.exf5 gxf5
16.Ne2 Ne5 17.Nf4 Ng6 18.Nf1 Nexf4 19.Bxf4 Be5 20.Bd2 Be6 21.b3 a5 22.a4 f4
23.Bg4 Bxg4 24.Qxg4 Qf6 25.h3 Kh8 26.Nh2 Rg8 27.Qh5 Qh4 28.Qxh4 Nxh4 29.Ng4 h5
30.Nxe5 dxe5 31.Kf1 Rae8 32.Bc3 Nxg2 33.Rxe5 Rxe5 34.Bxe5+ Kh7 35.Rd1 f3
36.Rd3 Rf8 37.Kg1 Rf7 38.Kh2 h4 39.Bc3 Kg6 40.Bxa5 Rf5 41.Bd8 Rf7 42.a5 Kh5
43.b4 Rf4 44.Rd7 Ne3 45.Rh7+ Kg6 46.Rxh4 Rxh4 47.Bxh4 Nxc4 48.Kg3 Ne5 49.Be7 Kf5
50.h4 Ke4 51.Bd6 Nf7 52.Bf4 Nd8 53.h5 Ne6 54.Be3 Nf8 55.h6 Nh7 56.Kg4 Nf8
57.Bg5  1-0

[Event "4th London Classic Open"]
[Site "London ENG"]
[Date "2012.12.01"]
[Round "1"]
[White "Rodriguez,Vidal"]
[Black "McKenna,Jas"]
[Result "1/2-1/2"]
[WhiteElo "2148"]
[BlackElo "2102"]

1.d4 g6 2.c4 Bg7 3.Nc3 d6 4.e4 Nf6 5.Nf3 O-O 6.Be2 e5 7.d5 Na6 8.Bg5 h6 9.Bh4 g5
10.Bg3 Nc5 11.Nd2 a5 12.h4 g4 13.h5 Nh7 14.Nf1 Ng5 15.Bh4 Bf6 16.Bxg5 Bxg5
17.Ng3 Bf4 18.Bxg4 Bxg3 19.fxg3 Qg5 20.Bxc8 Qxg3+ 21.Kf1 Raxc8 22.Rh3 Qf4+
23.Rf3 Qg4 24.Rf5 Qh4 25.Qe1 Qh1+ 26.Ke2 Qxg2+ 27.Qf2 Qxf2+ 28.Rxf2 f6 29.Rg1+ Kh7
30.Rg6 Nd7 31.Rfg2 Rg8 32.Rxg8 Rxg8 33.Rxg8 Kxg8 34.Nb5 f5 35.exf5 Nf6 36.Nxc7 Kf7
37.a3 Nxh5 38.b4 axb4 39.axb4 Ng3+ 40.Kf3 Nxf5 41.c5 h5 42.Kf2 dxc5 43.bxc5 h4
44.Ne6 Ke7 45.Ng5 Kd7 46.Kf3 Nd4+ 47.Ke4 Nb3 48.c6+ bxc6 49.dxc6+ Kxc6  1/2-1/2

[Event "4th London Classic Open"]
[Site "London ENG"]
[Date "2012.12.01"]
[Round "1"]
[White "Osborne,M"]
[Black "Phillips,William"]
[Result "1-0"]
[WhiteElo "2280"]
[BlackElo "1950"]

1.Nf3 Nf6 2.c4 g6 3.Nc3 Bg7 4.e4 d6 5.d4 O-O 6.Be2 e5 7.d5 a5 8.h3 Na6 9.Bg5 Nc5
10.Qc2 Bd7 11.O-O-O Qe8 12.g4 Na4 13.Nb5 Bxb5 14.cxb5 Nc5 15.Nd2 a4 16.a3 Nb3+
17.Nxb3 axb3 18.Qc4 Nd7 19.Be3 b6 20.Qxb3 Nc5 21.Qc2 Ra7 22.g5 Qa8 23.h4 Ra4
24.Bxc5 bxc5 25.h5 f5 26.h6 Bh8 27.Bd3 c4 28.Bxc4 fxe4 29.Rde1 Qa7 30.Rxe4 Rxf2
31.Re2 Rxe2 32.Bxe2 e4 33.Bg4 Qe3+ 34.Kb1 Rd4 35.Be6+ Kf8 36.Rf1+ Ke8 37.Qc6+  1-0

[Event "Doroshkevicha Mem Open 2012"]
[Site "Sochi RUS"]
[Date "2012.12.01"]
[Round "6"]
[White "Gubernatorov,S"]
[Black "Trubchaninov,Timur"]
[Result "1-0"]
[WhiteElo "2311"]
[BlackElo "1939"]

1.c4 Nf6 2.Nc3 g6 3.e4 d6 4.d4 Bg7 5.Nf3 O-O 6.Be2 e5 7.d5 a5 8.Bg5 h6 9.Bh4 Na6
10.Nd2 Nc5 11.O-O Bd7 12.b3 Qe8 13.Rb1 Nh7 14.a3 f5 15.f3 b6 16.Qc2 f4 17.b4 Nb7
18.Bf2 Qe7 19.Nb3 Nf6 20.Rfc1 Rfc8 21.Qd1 a4 22.Nd2 Nh5 23.Kh1 Bf6 24.c5 dxc5
25.bxc5 Nxc5 26.Bxc5 bxc5 27.Bb5 Bxb5 28.Rxb5 Bh4 29.Kg1 Bg3 30.Nf1 Bh4 31.Nxa4 Qe8
32.Rcxc5 Be7 33.Rc6 Bd6 34.Qb3 Rcb8 35.Nc5 Rxb5 36.Qxb5 Rxa3 37.Nb7 Bf8 38.Qc4 Kh8
39.Rxc7 Nf6 40.Rc8 Qf7 41.Qc5 Kg7 42.d6 Rb3 43.Rc7 Rxb7 44.Rxf7+ Rxf7 45.Qxe5 Rd7
46.Qb5 Bxd6 47.e5 Bxe5 48.Qxe5 g5 49.h4 Kg6 50.Qe6 Ra7 51.h5+ Kg7 52.Qe5 Rb7
53.Nd2  1-0

[Event "TCh-HUN 2012-13"]
[Site "Budapest HUN"]
[Date "2012.12.02"]
[Round "5"]
[White "Kiss,Pa1"]
[Black "Szuk,B"]
[Result "1/2-1/2"]
[WhiteElo "2356"]
[BlackElo "2397"]

1.d4 Nf6 2.c4 g6 3.Nc3 Bg7 4.e4 d6 5.Nf3 O-O 6.Be2 e5 7.O-O Nh5 8.g3 Bh3
9.Re1 exd4 10.Nxd4 Nf6 11.Be3 Re8 12.f3 Nbd7 13.Qd2 Ne5 14.Rad1 Qd7 15.Nc2 h5
16.c5 dxc5 17.Bxc5 Qxd2 18.Rxd2 c6 19.Red1 Be6 20.Nd4 Bc4 21.f4 Bxe2 22.Rxe2 Nfd7  1/2-1/2

[Event "TCh-HUN 2012-13"]
[Site "Paks HUN"]
[Date "2012.12.02"]
[Round "5"]
[White "Fodor,T jr"]
[Black "Csirik,A"]
[Result "1-0"]
[WhiteElo "2487"]
[BlackElo "2313"]

1.d4 Nf6 2.c4 g6 3.Nc3 Bg7 4.e4 d6 5.Nf3 O-O 6.Be2 e5 7.Be3 c6 8.O-O Nbd7
9.d5 c5 10.Nd2 Ne8 11.a3 f5 12.exf5 gxf5 13.f3 Qf6 14.Qc2 Bh6 15.Bxh6 Qxh6
16.Bd3 Ndf6 17.Rae1 Kh8 18.Nd1 Nh5 19.Rf2 Nf4 20.Bf1 Nf6 21.Ne3 Rg8 22.g3 Nh3+
23.Bxh3 Qxh3 24.f4 e4 25.Qc3 Qh6 26.g4 Qg7 27.Rg2 fxg4 28.f5 Bd7 29.h3 g3
30.Rf1 Rae8 31.Rf4 Re5 32.Ng4 Bxf5 33.Nxe5 Bxh3 34.Nf7+ Qxf7 35.Rxf6 Qg7
36.Nxe4 Bxg2 37.Kxg2 h5 38.Rh6+  1-0

[Event "Doroshkevicha Mem Open 2012"]
[Site "Sochi RUS"]
[Date "2012.12.03"]
[Round "8"]
[White "Baraeva,M"]
[Black "Gochelashvili,D"]
[Result "1/2-1/2"]
[WhiteElo "2161"]
[BlackElo "2419"]

1.d4 Nf6 2.c4 g6 3.Nc3 Bg7 4.e4 d6 5.Be2 O-O 6.Nf3 e5 7.Be3 Na6 8.O-O Ng4
9.Bg5 Qe8 10.dxe5 h6 11.Bd2 dxe5 12.h3 Nf6 13.Be3 Qe7 14.Nd5 Qd8 15.Qc2 c6
16.Nxf6+ Qxf6 17.c5 Nc7 18.Rad1 Ne6 19.Rd6 Re8 20.b4 Bf8 21.Rd2 Nf4 22.Bd1 Be6
23.Qc3 Bg7 24.Re1 Red8 25.a3 g5 26.Nh2 Qg6 27.Bc2 f5 28.f3 h5 29.Red1 Rf8
30.Kh1 Rae8 31.Rd6 Ne2 32.Qe1 Nd4 33.Bxd4 exd4 34.exf5 Bxf5 35.Rxg6 Rxe1+
36.Rxe1 Bxc2 37.Rxg5 Kf7 38.Rxh5 d3 39.Nf1 Rd8 40.Rf5+ Kg6 41.Rf4 d2 42.Nxd2 Rxd2
43.Re6+ Kh5 44.Re7 Bb2 45.Rg4 Bf5 46.Rg8 Bf6 47.Rxb7 Rd1+ 48.Kh2 Be5+ 49.g3 Rd2+
50.Kh1 Rd1+ 51.Kh2 Rd2+ 52.Kh1 Rd1+  1/2-1/2

[Event "Vietnam National Masters Men 2012"]
[Site "Ho Chi Minh City VIE"]
[Date "2012.12.04"]
[Round "8.8"]
[White "Pham,X"]
[Black "Bui,Trong Hao"]
[Result "0-1"]
[WhiteElo "2232"]
[BlackElo "2119"]

1.d4 Nf6 2.c4 g6 3.Nc3 Bg7 4.e4 d6 5.Nf3 O-O 6.Be2 e5 7.d5 c6 8.O-O cxd5
9.cxd5 a5 10.Ne1 Na6 11.Be3 Nd7 12.f3 f5 13.a3 fxe4 14.fxe4 Rxf1+ 15.Bxf1 Nac5
16.Nd3 b6 17.b4 axb4 18.axb4 Rxa1 19.Qxa1 Nb3 20.Qa8 Qf8 21.Nb5 Nd4 22.Nxd6 Qxd6
23.Qxc8+ Kf7 24.h3 Bf6 25.Bxd4 exd4 26.e5 Nxe5 27.Qb7+ Be7 28.Nf2 Qd7 29.Qxb6 Qxd5
30.Qa5 Ke6 31.Nd3 Nxd3 32.Bxd3 Bd6 33.Qa7 Qe5 34.Bc4+ Kf6 35.Qf7+ Kg5 36.b5 Qe1+
37.Bf1 Qe3+ 38.Kh1 Qe5 39.Kg1 d3 40.Qxh7 Qh2+ 41.Kf2 Qf4+  0-1

[Event "5th Kolkata Open"]
[Site "Kolkata IND"]
[Date "2012.12.04"]
[Round "2"]
[White "Vishnu,P"]
[Black "Korobov,A"]
[Result "1/2-1/2"]
[WhiteElo "2469"]
[BlackElo "2702"]

1.d4 Nf6 2.c4 g6 3.Nc3 Bg7 4.e4 d6 5.Nf3 O-O 6.Be2 e5 7.d5 a5 8.Bg5 h6 9.Bh4 Na6
10.Nd2 Qe8 11.a3 Bd7 12.b3 Nh7 13.O-O f5 14.f3 h5 15.Rb1 Bh6 16.Bf2 Nc5 17.Qc2 Nf6
18.b4 axb4 19.axb4 Na4 20.Bd3 Nxc3 21.Qxc3 Ra2 22.Rb2 Qa8 23.Rxa2 Qxa2 24.Nb3 Ba4
25.Na5 Bd2 26.Ra1 Bxc3 27.Rxa2 fxe4 28.Bxe4 Nxe4 29.fxe4 b5 30.Nc6 Bb3 31.Ra7 Bxc4
32.Rxc7 Rf7 33.Rc8+ Rf8 34.Rc7 Rf7 35.Rc8+  1/2-1/2

[Event "4th London Classic Open"]
[Site "London ENG"]
[Date "2012.12.04"]
[Round "4"]
[White "Saikhanzaya,Ganbaatar"]
[Black "Skutta,B"]
[Result "1-0"]
[WhiteElo "1924"]
[BlackElo "2067"]

1.d4 Nf6 2.c4 g6 3.Nc3 Bg7 4.e4 d6 5.Nf3 O-O 6.Be2 Nbd7 7.O-O e5 8.Re1 Re8
9.d5 Nc5 10.Bf1 a5 11.Qc2 h6 12.Be3 b6 13.h3 Nh5 14.Qd2 g5 15.g3 Qf6 16.Nh2 Qg6
17.Bg2 Nf6 18.g4 Nh7 19.Qd1 Nf6 20.Bf3 Nh7 21.a3 Qf6 22.Bg2 Nf8 23.b4 axb4
24.axb4 Rxa1 25.Qxa1 Nd3 26.Rd1 Nf4 27.Nb5 Qd8 28.Qa7 Ne2+ 29.Kf1 Nd4 30.Bxd4 exd4
31.Qxc7 Ba6 32.Qc6 Bxb5 33.Qxb5 Ng6 34.Nf3 Rxe4 35.Nxg5 Rf4 36.Nf3 Qf6 37.Qe8+ Kh7
38.Qe2 Nh4 39.Nd2 Nxg2 40.Kxg2 Qg6 41.Nf3 h5 42.g5 f6 43.Qd3 Re4 44.Nxd4 fxg5
45.Ne6 Rh4 46.c5 Qxd3 47.Rxd3 Be5 48.Nxg5+ Kg6 49.Nf3 Re4 50.Nxe5+ Rxe5 51.cxb6 Re8
52.Re3 Kf7 53.Rxe8  1-0

[Event "4th London Classic Open"]
[Site "London ENG"]
[Date "2012.12.04"]
[Round "4.9"]
[White "Hillarp Persson,T"]
[Black "Bates,Ri"]
[Result "1-0"]
[WhiteElo "2546"]
[BlackElo "2370"]

1.d4 Nf6 2.c4 g6 3.Nc3 Bg7 4.e4 d6 5.Nf3 O-O 6.Be2 e5 7.d5 Na6 8.Nd2 c6 9.Rb1 Bd7
10.O-O c5 11.a3 Ne8 12.Nf3 h6 13.g3 Nf6 14.Nh4 Bh3 15.Re1 Qd7 16.Bf1 g5 17.Ng2 Nc7
18.b4 Nxe4 19.Nxe4 f5 20.bxc5 fxe4 21.Rxb7 Rf7 22.Ne3 Bxf1 23.Rxf1 Raf8 24.c6 Qd8
25.Qg4 Na6 26.Rxf7 Rxf7 27.Bd2 Nc5 28.Bb4 h5 29.Qxh5 Nd3 30.Qg6 a5 31.Ng4  1-0

[Event "3rd Bali Femenino Int"]
[Site "Benidorm ESP"]
[Date "2012.12.05"]
[Round "2.5"]
[White "Nicolas Zapata,I"]
[Black "Savina,A"]
[Result "1-0"]
[WhiteElo "2217"]
[BlackElo "2323"]

1.d4 Nf6 2.Nf3 g6 3.c4 Bg7 4.Nc3 O-O 5.e4 d6 6.Be2 e5 7.Be3 Na6 8.O-O Ng4
9.Bg5 Qe8 10.dxe5 dxe5 11.h3 f6 12.Bd2 Nh6 13.a3 c6 14.b4 Nc7 15.Be3 Ne6
16.Qc1 Nf7 17.c5 f5 18.Bc4 f4 19.Bd2 g5 20.Qd1 Kh8 21.Bc1 Nd4 22.Nh2 Nd8
23.Ne2 f3 24.Nxd4 fxg2 25.Re1 exd4 26.Bxg5 Bxh3 27.e5 Qg6 28.Bh4 Ne6 29.Bxe6 Bxe6
30.Qxd4 Rae8 31.Rad1 Bd5 32.Ng4 Bf3 33.Nf6 Bxd1 34.Nxe8 Rxe8 35.Qxd1 Qf5
36.Bg3 Qh3 37.Bh2 Qxa3 38.Qd2 a5 39.Qd7 Rg8 40.bxa5 Qxa5 41.Rd1 Qxc5 42.e6 Be5
43.Bxe5+ Qxe5 44.e7 c5 45.Qd6 Qc3 46.Qd8 Qe5 47.Qf8 c4 48.e8=Q Qxe8 49.Qf6+ Rg7
50.Rd8 Qg8 51.Rxg8+ Kxg8 52.Qe6+ Kh8 53.Qc8+ Rg8 54.Qxc4 h6 55.Qd4+ Rg7 56.Qe4 Kg8
57.f4 Kf8 58.Qe6 h5 59.Qc8+ Ke7 60.Qxb7+ Kf6 61.Qd5 Rg4 62.Qe5+ Kg6 63.f5+ Kg5
64.f6+ Kg6 65.Qe7 h4 66.Qg7+ Kh5 67.Qxg4+  1-0

[Event "4th London Classic Open"]
[Site "London ENG"]
[Date "2012.12.05"]
[Round "5"]
[White "Dale,Ari"]
[Black "Britton,R"]
[Result "1-0"]
[WhiteElo "2122"]
[BlackElo "2233"]

1.d4 Nf6 2.c4 g6 3.Nc3 Bg7 4.e4 d6 5.Nf3 O-O 6.Be2 e5 7.Be3 Nc6 8.d5 Ne7
9.O-O Ne8 10.Nd2 f5 11.f3 f4 12.Bf2 g5 13.c5 Ng6 14.Nc4 Rf7 15.Qb3 h5 16.Rfc1 g4
17.Kh1 g3 18.Bg1 dxc5 19.Qb5 Bf8 20.d6 cxd6 21.Rd1 Be6 22.Rd2 Qg5 23.Bf1 Rd8
24.Rad1 Rdd7 25.a4 Rh7 26.a5 gxh2 27.Bf2 h4 28.Na4 h3 29.Be1 Nh4 30.Bxh4 Rxh4
31.Nxc5 Re7 32.Nxe6 Rxe6 33.Nb6 axb6 34.Bc4 Nc7 35.Qd7 Rh6 36.Qxc7 Kh8 37.Bxe6 Rxe6
38.Qc8 Qh6 39.axb6 Kh7 40.Rc1 Bg7 41.gxh3 Rf6 42.Rg2  1-0